000 00456nam a2200181Ia 4500
001 16750
005 20260306170333.0
008 260306t2003||||xx |||||||||||||| ||und||
041 _aESP
082 _a349.77
_bD75
100 _aDiego-Lora, Carmelo de
_eAUT
245 0 _aLecciones de derecho procesal canónico:
_bparte general
260 _c2003
300 _a449 páginas :
_c24 cm.
650 _aGEN
654 _aCDE
942 _cLIB
_dJUS
_fJUS
_2ddc
_n
999 _c16750
_d16750